Histoire- Lettre A (Version Expert) - Statistiques

Statistiques générales
  • Ce quiz a été pris 29 fois
  • Le résultat moyen est 3 sur 15
Statistiques - réponses
Questions Réponses % Correct
Fondateur de la Turquie moderne Atatürk
75%
Premier président de la IVème République. Vincent Auriol
58%
Corps d'armée d'Erwin Rommel. Afrikakorps
33%
Ville de Syrie conquise par les croisés en 1098,devenant la capitale de la principauté du même nom. Antioche
25%
Théologien chrétiens ayant créé la nouvelle doctrine dite de l'Arianisme. Arius
17%
Dernier empereur inca. Atahualpa
17%
Sœur de l'empereur Caligula. Agrippine
13%
Unificateur de l'Angleterre. Æthelstan
8%
Vainqueur de la bataille de Teutobourg Arminius
8%
Vainqueur d'Attila. Aetius
4%
Second Tsar de la dynastie Romanov. Alexis 1er
0%
Dynastie Byzantine succédant à la dynastie Comnènes, àla tête de l'empire Byzantin en 1185. Ange
0%
Bataille de la guerre de Sécession ayant eu lieu en1862dans le Maryland. Antietam
0%
Dynastie régnante de l'empire Parthe. Arsacides
0%
Premier empire de l'histoire. Empire d'Akkad
0%
Aucun quiz correspondant
Distribution des résultats
% des personnes avec chaque résultat
Percentile par nombre de réponses
Votre historique - résultats
Vous n’avez pas pris ce quiz